000 00813nam a2200217Ii 4500
003 JO-AjNU
008 230605s9999||||xx |||||||||||||| ||und||
017 _a2004/2/322
040 _aJO-AjNU
_bara
_erda
_cJO-AjNU
041 _aara
050 1 4 _aDS102.C612 2004
100 3 _aتاليف كوندر؛ ترجمة وتعليق العبادي،أحمد عويدي,
_eauthor
_949876
245 0 0 _aأعمال المساخة في شرقي الأردن 1881
264 3 1 _aعمان: وزارة الثقافة، 2004
300 _a544ص
_bالملاحق من ص (505-544 )
336 _atext
_btxt
_2rdacontent
337 _aunmediated
_bn
_2rdamedia
338 _avolume
_bnc
_2rdacarrier
490 0 _aسلسلة الكتب الثقافية؛ 90
650 4 _aالاردن-تاريخ، الاردن-اثار
_949877
999 _aA21935
_c25503
_d25503